000 00911nam a2200217Ia 4500
003 GCL
008 140319s9999 xx 000 0 ara d
020 _a9941470977
040 _aGCL /
_cGCL
082 0 4 _aق
_b953.084
_bع ع
100 1 _aالعينى : بدرالدين ابو محمد محمود بن احمد بن موسى بن احمد
245 1 0 _aعقد الجمان فى تاريخ اهل الزمان /
_cالعينى : بدرالدين ابو محمد محمود بن احمد بن موسى بن احمد
700 1 _aعبدالرازق الطنطاوى القرموط
250 _aالاولى
260 _aالقاهرة :
_bالزهراء للاعلام العربى ،
_c1989
300 _a692 ص ؛
_c24 سم
650 0 4 _aدولة المماليك
650 0 4 _aالمماليك البحرية
650 0 4 _aمصر - تاريخ - العصر الاسلامى
942 _2ddc
_cREF
999 _c59428
_d59428